LEADER 01162nam a2200253 4500 001 000000345159 003 CaOOAMICUS 005 20211123140640.0 008 210330s2020 it 000 u ita r 020 $a978-88-311-2351-8 040 $aSeMil$bita 240 00$aWe believe in One Lord Jesus Christ.$0(OLS)http://semarc/title/434275 245 03$a2: Crediamo in un solo Signore Gesù Cristo /$ca cura di Andrea Annese ; introduzione generale di Emanuela Prinzivalli. 264 1$aRoma :$bCittà Nuova,$c2020. 300 $a276 p. ;$c25 cm 700 1 $aPrinzivalli, Emanuela,$d<1956- >.$0(OLS)http://semarc/name/89660 700 1 $aAnnese, Andrea.$0(OLS)http://semarc/name/113394 773 0 $tCredo commentato dai Padri.$dRoma : Città Nuova, 2020-2022.$g2$w()343177 850 $aSeMil 852 $aSeMil$W1$xVenegono$y1$m2S IV 27$j225260$B236230$CSeMilBibl$Z2$F236230 $81 996 $6020$a978-88-311-2351-8$9(OLS)http://semarc/number/292776 996 $6245$a2: Crediamo in un solo Signore Gesù Cristo$9(OLS)http://semarc/title/434276 996 $6264$aRoma :$bCittà Nuova$9(OLS)http://semarc/publisher/29609 LEADER 00983nam a2200253 4500 001 000000334074 003 CaOOAMICUS 005 20190614113206.0 008 190614s2019 it 000 u mul r 020 $a978-88-311-0653-5 040 $aSeMil$bita 041 1 $aita$alat 245 00$aVol. 4. Parte terza. 264 1$aRoma :$bCittà Nuova,$c2019. 300 $a1303 p. ;$c22 cm 500 $aTesto originale latino a fronte 700 0 $aTommaso : d'Aquino,$c.$0(OLS)http://semarc/name/423 773 0 $aTommaso : d'Aquino $tSomma di teologia.$dRoma : Città Nuova, 2018-2019.$w()332621 850 $aSeMil 852 $aSeMil$W1$xVenegono$y1$mSL1.V I 34$j213510$B226269$CSeMilBibl$Z2$F226269 $8I 996 $6020$a978-88-311-0653-5$9(OLS)http://semarc/number/287588 996 $6245$aVol. 4. Parte terza$9(OLS)http://semarc/title/423735 996 $6264$aRoma :$bCittà Nuova$9(OLS)http://semarc/publisher/29609